Spongebob Hard Quiz - Statistics

General Stats
  • This quiz has been taken 94 times
  • The average score is 7 of 15
Answer Stats
Questions Answer % Correct
Who wins the snail race? Rocky
83%
How many bad words are there if your a sailor? 13
73%
What song does Spongebob sing for the Bubble Bowl? (The band Geeks) Sweet victory
70%
When Spongebob planted a seed for his home what made it grow? Tear
65%
In an episode Gary leaves Spongebob in favor of Patrick. Why? A cookie
62%
What is the name of the former fry cook before Spongebob? Jim
48%
What attracts a sea rhinoceros? Sea bear attack
48%
Where did Squidward move in one episode? Tentacle Acres
48%
What was Patrick's first trophy for? Nothing
47%
What was the name of the fake muscle arms that Spongebob bought? Anchor arms
42%
What does claustrophobia mean? Afraid of Santa Claus
41%
What did Spongebob and Patrick use to scare the members of the Cephalopod Lodge? Aka, Squidwards secret club. A sock
35%
How much did Spongebob pay for the plan your own party kit? Free
24%
What is the magazine that Squidward reads? House Fancy
18%
What happened to Mr. Puff? Turned into a light fixture
3%
No matching quizzes found
Score Distribution
Percent of People with Each Score
Percentile by Number Answered
Your Score History
You have not taken this quiz